000 00491nam a2200181 a 4500
001 000026568
005 20200930030306.0
008 110323s1997 dr r 000 0 spa d
040 _aDO-SdBNP
_bspa
_cBNPHU
082 _axxxx
_bA561m, 1997
100 1 _aAndrés, Mateo
_97205
245 1 0 _aMaestro, ¿Sabes quién eres? /
_cMateo Andrés.
250 _a2a ed.
260 _aSanto Domingo :
_bAmigo del Hogar,
_c1997.
300 _a146 p. ;
_c22 cm.
490 1 _aLuz
830 0 _aLuz
_946386
999 _c26060
_d26060